Introducción a la literatura del siglo XX

Uloženo v:
Podrobná bibliografie
Hlavní autor: Horia, Vintila (Autor)
Médium: Kniha
Jazyk:španělština
Vydáno: Santiago Andrés Bello 1989
Vydání:1a. ed
Témata:
Tagy: Přidat tag
Žádné tagy, Buďte první, kdo vytvoří štítek k tomuto záznamu!

MARC

LEADER 00000cam a2200000 a 4500
001 UCD2992
003 CL-VaPUC
008 160520e19890000cl |||||||||||||||||spa|d
082 0 4 |a 809.3  |b HOR  |2 21 
100 |a Horia, Vintila  |e author  |9 586387 
245 1 0 |a Introducción a la literatura del siglo XX 
250 |a 1a. ed 
300 |a 386 p 
942 |c BK 
945 |d 20160520 11:34:00  |a dcastane 
260 |a Santiago  |b Andrés Bello  |c 1989 
650 7 |a NOVELA ESPAÑOLA  |2 CL-VaPUC  |9 313139 
650 0 |a Historia y crítica   |9 257407 
650 7 |a NOVELA EUROPEA SIGLO 20  |2 CL-VaPUC  |9 322134 
583 |a last modification  |c 20160520 11:34:00  |k Rodrigo Vera 
999 |c 364101  |d 364099 
952 |0 0  |1 0  |3 erb  |4 0  |6 809_300000000000000_HOR_1989  |7 0  |8 A  |9 477022  |a FDOHBE  |b FDOHBE  |e Huesbe Llanos, Marco Antonio, 1934-  |i 5305527  |o 809.3 HOR 1989  |p 5305527  |r 2024-01-30  |w 2019-11-24  |y BK  |z Catalogado en:20160520  |k HBE